Σύστημα διαχείρισης οχημάτων τέλους κύκλου ζωής στην Κρήτη : μεταπτυχιακή διατριβή

Αποθηκεύτηκε σε:
Λεπτομέρειες βιβλιογραφικής εγγραφής
Κύριος συγγραφέας: Λαμπράκη, Εύα Γ.
Συγγραφή απο Οργανισμό/Αρχή: Πανεπιστήμιο Αιγαίου Σχολή Περιβάλλοντος Τμήμα Περιβάλλοντος Πρόγραμμα Μεταπτυχιακών Σπουδών Περιβαλλοντική Πολιτική και Διαχείριση
Άλλοι συγγραφείς: Χαλβαδάκης, Κωνσταντίνος Π. (Εισηγητής διατριβής)
Μορφή: Thesis Βιβλίο
Γλώσσα:Greek
Δημοσίευση: 2007
Θέματα:
Διαθέσιμο Online:http://hdl.handle.net/11610/14966
Ετικέτες: Προσθήκη ετικέτας
Δεν υπάρχουν, Καταχωρήστε ετικέτα πρώτοι!

MARC

LEADER 00000cam a2200000 i 4500
001 1/80262
008 080403s2007 gre d
035 |l 10096170 
040 |a GR-MY-UA  |b gre  |e aacr 
041 0 |a gre 
082 0 |a 363.728  |2 (22) 
100 1 |a Λαμπράκη, Εύα Γ. 
245 1 0 |a Σύστημα διαχείρισης οχημάτων τέλους κύκλου ζωής στην Κρήτη :  |b μεταπτυχιακή διατριβή /  |c Εύα Γ. Λαμπράκη ; [υπεύθυνος καθηγητής Χαλβαδάκης Κωνσταντίνος] 
260 |c 2007 
300 |a [χ.α.];  |b πιν.;  |c 30 εκ. 
502 |a Διατριβή (μεταπτυχιακή) – Πανεπιστήμιο Αιγαίου, Λέσβος, 2007. 
504 |a Περιέχει βιβλιογραφία 
650 0 0 |a Automobiles  |x Environmental aspects. 
650 0 0 |a Automobiles  |x Materials  |x Recycling. 
650 0 0 |a Product life cycle  |x Environmental aspects. 
650 0 0 |a Automobile-related wastes. 
650 0 0 |a Refuse and refuse disposal  |x Case studies. 
650 0 0 |a Recycling (Waste, etc.)  |z Greece  |z Crete. 
650 0 0 |a Dissertations, Academic  |z Greece. 
700 1 |a Χαλβαδάκης, Κωνσταντίνος Π.  |4 ths 
710 2 |a Πανεπιστήμιο Αιγαίου  |b Σχολή Περιβάλλοντος  |b Τμήμα Περιβάλλοντος  |b Πρόγραμμα Μεταπτυχιακών Σπουδών Περιβαλλοντική Πολιτική και Διαχείριση. 
852 |a INST  |b LESVOS  |c DIATR  |e 20080403  |h 395  |p 005100038957  |q 005100038957  |t MTXE  |y 23 
852 |a INST  |b LESVOS  |c DIATR  |e 20080403  |h 396  |p 005100038958  |q 005100038958  |t MTXE  |y 23 
856 |u http://hdl.handle.net/11610/14966 
901 |a BIBL1-2008-1 
909 |a Λ  |b 137825 
909 |a Λ  |b 137826 
924 |a ΛΑΜΠΡΑΚΗ  |b ΕΥΑ Γ.  |y ΛΕΣΒΟΣ  |z 2007-11 
970 |a ΤΖΑΦΕΡΗ  |b ΕΥΑΓΓΕΛΙΑ  |z 2008/04/03